Bleak house / (Record no. 16699)
[ view plain ]
| 000 -LEADER | |
|---|---|
| fixed length control field | 01321cam a2200385 a 4500 |
| 001 - CONTROL NUMBER | |
| control field | 16800621 |
| 003 - CONTROL NUMBER IDENTIFIER | |
| control field | EG-ScBUE |
| 005 - DATE AND TIME OF LATEST TRANSACTION | |
| control field | 20210307122415.0 |
| 008 - FIXED-LENGTH DATA ELEMENTS--GENERAL INFORMATION | |
| fixed length control field | 110527t2008 enk f b 000 1 eng d |
| 020 ## - INTERNATIONAL STANDARD BOOK NUMBER | |
| International Standard Book Number | 1843548534 (pbk.) |
| 020 ## - INTERNATIONAL STANDARD BOOK NUMBER | |
| International Standard Book Number | 9781843548539 (pbk.) |
| 040 ## - CATALOGING SOURCE | |
| Original cataloging agency | UKM |
| Language of cataloging | eng |
| Description conventions | rda |
| Transcribing agency | UKM |
| Modifying agency | BTCTA |
| -- | AU@ |
| -- | YDXCP |
| -- | DLC |
| -- | EG-ScBUE |
| 082 04 - DEWEY DECIMAL CLASSIFICATION NUMBER | |
| Classification number | 823.8 |
| Item number | DIC |
| Edition number | 22 |
| 100 1# - MAIN ENTRY--PERSONAL NAME | |
| Personal name | Dickens, Charles, |
| Dates associated with a name | 1812-1870, |
| Relator term | author. |
| 9 (RLIN) | 29771 |
| 245 10 - TITLE STATEMENT | |
| Title | Bleak house / |
| Statement of responsibility, etc | Charles Dickens. |
| 264 #1 - PUBLICATION, DISTRIBUTION, ETC. (IMPRINT) | |
| Place of publication, distribution, etc | London : |
| Name of publisher, distributor, etc | Atlantic Books, |
| Date of publication, distribution, etc | [2008] |
| 264 #4 - PUBLICATION, DISTRIBUTION, ETC. (IMPRINT) | |
| Date of publication, distribution, etc | c2008 |
| 300 ## - PHYSICAL DESCRIPTION | |
| Extent | vi, 941 pages ; |
| Dimensions | 20 cm. |
| 336 ## - CONTENT TYPE | |
| Source | rdacontent |
| Content type term | text |
| Content type code | txt |
| 337 ## - MEDIA TYPE | |
| Source | rdamedia |
| Media type term | unmediated |
| Media type code | n |
| 338 ## - CARRIER TYPE | |
| Source | rdacarrier |
| Carrier type term | volume |
| Carrier type code | nc |
| 490 0# - SERIES STATEMENT | |
| Series statement | Crime classics |
| 504 ## - BIBLIOGRAPHY, ETC. NOTE | |
| Bibliography, etc | Includes bibliographical references. |
| 650 #7 - SUBJECT ADDED ENTRY--TOPICAL TERM | |
| Topical term or geographic name as entry element | Young women |
| Form subdivision | Fiction. |
| Source of heading or term | BUEsh |
| 9 (RLIN) | 29773 |
| 650 #7 - SUBJECT ADDED ENTRY--TOPICAL TERM | |
| Topical term or geographic name as entry element | Guardian and ward |
| Form subdivision | Fiction. |
| Source of heading or term | BUEsh |
| 9 (RLIN) | 29774 |
| 650 #7 - SUBJECT ADDED ENTRY--TOPICAL TERM | |
| Topical term or geographic name as entry element | Illegitimate children |
| Form subdivision | Fiction. |
| Source of heading or term | BUEsh |
| 9 (RLIN) | 29775 |
| 650 #7 - SUBJECT ADDED ENTRY--TOPICAL TERM | |
| Topical term or geographic name as entry element | Inheritance and succession |
| Form subdivision | Fiction. |
| Source of heading or term | BUEsh |
| 9 (RLIN) | 29776 |
| 651 #7 - SUBJECT ADDED ENTRY--GEOGRAPHIC NAME | |
| Geographic name | London (England) |
| Form subdivision | Fiction. |
| Source of heading or term | BUEsh |
| 9 (RLIN) | 29777 |
| 653 ## - INDEX TERM--UNCONTROLLED | |
| Arrived date list | May2012 |
| Resource For college | Humanities: English |
| 655 #7 - INDEX TERM--GENRE/FORM | |
| Genre/form data or focus term | Domestic fiction. |
| Form subdivision | Reading book |
| 655 #7 - INDEX TERM--GENRE/FORM | |
| Genre/form data or focus term | Bildungsromans. |
| Source of term | gsafd |
| 655 #7 - INDEX TERM--GENRE/FORM | |
| Genre/form data or focus term | Legal stories. |
| Source of term | gsafd |
| 942 ## - ADDED ENTRY ELEMENTS (KOHA) | |
| Source of classification or shelving scheme | Dewey Decimal Classification |
| Koha item type | Book - Borrowing |
| Withdrawn status | Lost status | Source of classification or shelving scheme | Damaged status | Not for loan | Collection code | Home library | Current library | Shelving location | Date acquired | Source of acquisition | Cost, normal purchase price | Serial Enumeration / chronology | Total Checkouts | Total Renewals | Full call number | Barcode | Date last seen | Date checked out | Price effective from | Koha item type | Public note |
|---|---|---|---|---|---|---|---|---|---|---|---|---|---|---|---|---|---|---|---|---|---|
| Dewey Decimal Classification | Baccah | Central Library | Central Library | Group Study Rooms | 02/05/2012 | 95.00 | 15016 | 4 | 44 | 823.8 DIC | 000026732 | 15/07/2025 | 12/10/2020 | 02/05/2012 | Book - Borrowing | Room (A) - Charles Dickens |